| 000 | 00842nam a2200253 a 4500 | ||
|---|---|---|---|
| 001 | 32399 | ||
| 003 | BD-RjUL | ||
| 005 | 20211209051829.0 | ||
| 008 | 140426s1967 enk b 001 0 eng d | ||
| 020 | _a0042900093 | ||
| 035 | _a(BD-RjUL)32488 | ||
| 040 |
_aLC _beng _cLC _dLC _dBD-RjUL |
||
| 041 | 1 |
_aeng _hger |
|
| 082 | 0 | 4 |
_223 _a297 _bGOM |
| 100 | 1 |
_aGoldziher, Ignaz, _d1850-1921. _998563 |
|
| 245 | 1 | 0 |
_aMuslim studies : _b(Muhammedanische Studien) / _cIgnaz Goldziher ; edited by S.M. Stern ; translated from the German by C.R. Barber and S.M. Stern. |
| 260 |
_aLondon : _bAllen & Unwin, _c1967-1971. |
||
| 300 |
_aV. ; _c22 cm. |
||
| 504 | _aIncludes bibliographical footnotes and index. | ||
| 505 | 0 | _aVol. 1 -- v. 2 -- | |
| 650 | 0 |
_aIslam. _998564 |
|
| 700 | 1 |
_aStern, S. M. _q(Samuel Miklos), _d1920-1969. _998565 |
|
| 942 |
_2ddc _cBK |
||
| 999 |
_c32399 _d32399 |
||